| 000 | 01464nam2a22003491 4500 | ||
|---|---|---|---|
| 001 | v19\rc\1601606 | ||
| 005 | 20250619051533.0 | ||
| 035 | _a(NLR Aleph) 004837088 | ||
| 090 |
_a4782626 _c4782626 |
||
| 100 | _a20061002d1898 |||y0rusy50 ca | ||
| 101 | 1 |
_arus _cfre |
|
| 102 | _aRU | ||
| 105 | _ay z ||||| | ||
| 200 | 0 | _aТ. 2 | |
| 210 |
_aМосква _cК.Т. Солдатенков _d1898 |
||
| 215 | _a[4], 638 с. | ||
| 461 | 0 |
_1001v19\rc\1601604 _12001#$aИстория французской литературы$e(Пер. со 2-го фр. пересмотр. и испр. автором изд.). Т. 1-2$f[Соч.] Гюстава Лансона$vТ. 2 _1700#1$aЛансон$bГ.$f1857-1934$gГустав _94782610 _aЛансон, Г. (1857-1934) _cМосква _d1896-1898 _f[Соч.] Гюстава Лансона _nт-во тип. А.И. Мамонтова _o(Пер. со 2-го фр. пересмотр. и испр. автором изд.). Т. 1-2 _p2 т. _tИстория французской литературы _vТ. 2 |
|
| 801 | 0 |
_aRU _bNLR _gpsbo |
|
| 801 | 0 |
_aRU _bRuMoRGB _2psbo |
|
| 801 | 1 |
_aRU _bProSoft-M _2rusmarc |
|
| 852 |
_aNLR _j18.285.3.42 |
||
| 899 |
_aRuMoRGB _jW 59/117 |
||
| 899 |
_aRuMoRGB _jРб 9/120 |
||
| 899 |
_aRuMoRGB _jМК |
||
| 899 |
_aRuMoRGB _jU 131/619 |
||
| 899 |
_aRuMoRGB _jU 312/43 |
||
| 899 | _aБАН | ||
| 899 | _aНБ СПбГУ | ||
| 899 | _aГПИБ | ||
| 899 | _aНБ МГУ | ||
| 942 | _cBOOK | ||
| 980 | _aNB | ||